Công nghệ nhiệt luyện

Gardado en:
Detalles Bibliográficos
Formato: Libro
Idioma:Vietnamese
Publicado: Giáo Dục 2000
Những chủ đề:
Các nhãn: Engadir etiqueta
Sen Etiquetas, Sexa o primeiro en etiquetar este rexistro!
Thư viện lưu trữ: Mạng thư viện Đại học Đà Nẵng
LEADER 00983nam a2200301 a 4500
001 000003311
003 01655
005 20171229145311.0
008 171229s2000 vie
040 |a LSK 
041 0 |a VIE 
082 0 |a 669  |b PH-P 
245 0 0 |a Công nghệ nhiệt luyện  |c Phạm Thị Minh Phương, Tạ Văn Thất 
260 |b Giáo Dục  |c 2000 
300 |a 271 pages  |c 27 cm. 
653 |a Công nghệ nhiệt luyện - Luyện kim 
852 |a Phòng Đọc - Phòng Mượn 
901 |a 51 
927 |a Sách tham khảo 
OWN |a LSK 
AVA |a UDN50  |b LSK  |d 669 PH-P  |e check_holdings  |t Error 5003 Not defined in file expand_doc_bib_avail.  |h N  |k 1 
999 |a From the UDN01 
AVA |a UDN50  |b LSK  |d 669 PH-P  |e available  |t Error 5001 Not defined in file expand_doc_bib_avail.  |f 51  |g 0  |h N  |i 1  |k 1 
TYP |a Monograph 
TYP |a Printed language 
980 |a Mạng thư viện Đại học Đà Nẵng